000 01042cam a2200337 a 4500
003 CO-BoRNBP
005 20241015093108.0
007 ta
008 030510s1999 sp jr 00011dspa d
020 _a9788423970643
040 _ala
_cla
041 1 _aspa
_hfre
043 _ae-fr---
082 0 4 _aI843.91
_bL34n
084 _aC LEH
100 1 _aLehmann, Christian,
_d1958-
245 1 0 _a¡No pasarán! El videojuego /
_cChristian Lehmann ; traducción de Alegría Gallardo.
250 _aEditora Nuria Esteban Sánchez.
264 1 _aMadrid, España
_bEspasa Calpe
_c1999
300 _a160 p. ;
_c20 cm.
336 _2rdacontent
_atexto
_btxt
337 _2rdamedia
_asin mediación
_bn
338 _2rdacarrier
_avolumen
_bnc
490 _aEspasa juvenil
_v98
650 7 _aNovela juvenil francesa.
_2BLAAUTO
_91971
650 7 _aVideojuegos
_v Novela juvenil.
_2BLAAUTO
_943018
700 1 _aGallardo, Alegría,
_etr.
_943019
700 1 _aEsteban Sánchez, Nuria,
_eed.
_943020
942 _2ddc
_cBKLIT
949 _an
_bn
999 _c38446
_d38446